Normal view
MARC view
- الامراض -الاطفال -رعاية الطفولة
Entry Topical Term
001 - CONTROL NUMBER
- control field: 22289
003 - CONTROL NUMBER IDENTIFIER
- control field: JO-AjAnu
005 - DATE AND TIME OF LATEST TRANSACTION
- control field: 20230606073841.0
008 - FIXED-LENGTH DATA ELEMENTS
- fixed length control field: 230606|| aca||aabn | a|a d
040 ## - CATALOGING SOURCE
- Original cataloging agency: JO-AjAnu
- Transcribing agency: JO-AjAnu
150 ## - HEADING--TOPICAL TERM
- Topical term or geographic name entry element: الامراض -الاطفال -رعاية الطفولة
670 ## - SOURCE DATA FOUND
- Source citation: Work cat.: (JO-AjAnu)11453: عرفات ، محمود, author 22288, امراض الطفولة وكيفية العناية بالاطفال